[Event "Chigorin Memorial"]
[Site "St Petersburg"]
[Date "2016.10.23"]
[Round "9.176"]
[White "Lantseva, Aleksandra"]
[Black "Burdin, Daniil"]
[Result "1/2-1/2"]
[WhiteElo "1359"]
[BlackElo "1243"]
[PlyCount "97"]
[EventDate "2016.10.15"]
[EventType "swiss"]
[EventRounds "9"]
[EventCountry "RUS"]

1. e4 e6 2. d4 d5 3. exd5 exd5 4. Nf3 Nf6 5. Bd3 Be7 6. O-O O-O 7. Bf4 c5 8.
dxc5 Bxc5 9. Nc3 Be6 10. Qd2 Nfd7 11. Rad1 Nb6 12. Be2 Qe7 13. Rfe1 Rd8 14. Bg5
f6 15. Bf4 Nc6 16. Bf1 Qf7 17. Nb5 Nc4 18. Qc3 Bb4 19. Qb3 Bxe1 20. Rxe1 d4 21.
Nc7 N6a5 22. Qb4 Rac8 23. Nxe6 Re8 24. Bxc4 Nxc4 25. Nfxd4 Nb6 26. Qb5 Rcd8 27.
Re4 Rxd4 28. Rxd4 Qxe6 29. Be3 Rc8 30. Qb3 Qxb3 31. cxb3 Rc2 32. Rd8+ Kf7 33.
Kf1 Rxb2 34. Bxb6 axb6 35. Rd7+ Kg6 36. Rxb7 Rxa2 37. Rxb6 Rb2 38. b4 Kg5 39.
Rb5+ f5 40. Rb7 Kh6 41. b5 g5 42. b6 g4 43. Rf7 Rxb6 44. Rxf5 Kg6 45. Rf4 Kg5
46. Rf7 h5 47. f4+ gxf3 48. Rxf3 h4 49. h3 1/2-1/2